Primer amor : High & Dry /
Guardado en:
| Autor principal: | |
|---|---|
| Otros autores: | |
| Formato: | Libro |
| Idioma: | Español |
| Publicado: |
México :
Tusquets,
2026, c2026
|
| Colección: | (Andanzas)
|
| Temas: | |
| Etiquetas: |
Sin etiquetas, Sé el primero en etiquetar este registro!
|
MARC
| LEADER | 00000nam^a2200000^a^4500 | ||
|---|---|---|---|
| 001 | 000628462 | ||
| 005 | 20260212000000.0 | ||
| 009 | 20260310134113.657 | ||
| 020 | |a 978-607-39-3640-8 | ||
| 037 | |a Acervo ITESO - Biblioteca | ||
| 041 | |a ESP | ||
| 082 | |a 895. 6 |b YOS | ||
| 100 | |a Yoshimoto, Banana |e (autor) | ||
| 245 | 1 | 0 | |a Primer amor : |b High & Dry / |c B. Yoshimoto ; tr. por J.F. González Sánchez. |
| 264 | 4 | |a México : |b Tusquets, |c 2026, c2026 | |
| 300 | |a 165 p. | ||
| 336 | |a texto |b txt |2 rdacontenido | ||
| 337 | |a sin mediación |b n |2 rdamedio | ||
| 338 | |a volumen |b nc |2 rdasoporte | ||
| 440 | 1 | |a (Andanzas) | |
| 500 | |a Traducción de: はつ恋 | ||
| 521 | |a Peticiones 2026 Comunidades Lectoras, 2 ejemplares | ||
| 545 | 0 | |a Banana Yoshimoto (1964), es el seudónimo de Mahoko Yoshimoto, escritora japonesa nacida en Tokio. En 1988 y 1989 obtuvo respectivamente los premios Newcomer Writers Prize y Izumi Kyoka Literary Prize, con su novela Kitchen; en 1993, el Premio Scanno, considerado como uno de los más importantes de Italia. Su escritura recorre el dolor de la pérdida, las preocupaciones profundas evitadas intencionalmente, pero también la esperanza y de los sentimientos implicados en torno a la comida. Entre sus obras se encuentran Kitchen, Sueño profundo, Lagartija, Recuerdos de un callejón sin salida, N.P., Un viaje llamado vida, entre otros. | |
| 649 | |a XX | ||
| 650 | |a Jóvenes en la Literatura | ||
| 650 | |a Mujeres en la Literatura | ||
| 650 | |a Novela de Iniciación - |z Japón | ||
| 650 | |a Novela Japonesa | ||
| 650 | |a Literatura Japonesa - |y Siglo XXI | ||
| 650 | |a Literatura de Mujeres - |z Japón | ||
| 650 | |a Amor en la Literatura | ||
| 700 | |a González Sánchez, Juan Francisco |e (traducción) | ||
| 910 | |a Fondo General | ||
| 920 | |a Impresos - Libros | ||
| 930 | |a Colección General | ||
| 940 | |a Literatura | ||
| 905 | |a 101 | ||
| 901 | |a 628462-10 |b IT1 |c LIT |i C193380 |u 20260212 | ||
| 901 | |a 628462-20 |b IT1 |c LIT |i C193379 |u 20260212 | ||
| 902 | |a https://opac.biblio.iteso.mx/vufind/Record/000628462 | ||